| 000 | 00552nam a2200229Ia 4500 | ||
|---|---|---|---|
| 005 | 20250127012315.0 | ||
| 008 | 240331s9999 xx 000 0 und d | ||
| 020 | _a1856491552 | ||
| 020 | _a1895686288 | ||
| 082 |
_bMIE _24007 _a304.2 |
||
| 100 | _aMies, M | ||
| 100 | _aShiva, V | ||
| 245 | 0 | _aEcofeminism | |
| 260 |
_aNova Scotia _bFernwood Publications _c1993 |
||
| 260 |
_aLondon _aNew Jersey _bZed Books _c1993 |
||
| 300 | _a328 p., | ||
| 650 | _aFeminism | ||
| 650 | _aDevelopment | ||
| 650 | _aWomen | ||
| 650 | _aTechnology | ||
| 942 | _cL | ||
| 999 |
_c1484 _d1484 |
||